000 00392pab a2200145 454500
008 180718b2000 xxu||||| |||| 00| 0 eng d
100 _aSivakumar, M.N.
245 _aAge at marriage and timing of first birth: a cohort analysis
260 _c2000
300 _ap.314-28
362 _aJul-Dec
650 _aMarriage
773 _aJournal of Social and Economic Development
909 _a47835
999 _c47835
_d47835